Nineteenth century Ecuador : a historical introduction /

Bibliographic Details
Main Author: Spindler, Frank MacDonald
Format: Book
Language:English
Published: Fairfax, Va. : George Mason University Press ; [1987]
Subjects:

MARC

Tag First Indicator Second Indicator Subfields
LEADER 00000cam a2200000 a 4500
001 in00000016823
005 20151007053314.0
008 870422s1987 vaua b 00110 eng
010 |a  87013383  
020 |a 0802600158 (alk. paper) :  |c $24.00 
035 |a (OCoLC)15789860 
035 |9 AAB1155AM 
040 |a DLC  |c DLC  |d TXA  |d UtOrBLW 
043 |a s-ec--- 
049 |a TXAM  |c [A11469303] 
050 0 0 |a F3736  |b .S64 1987 
082 0 |a 986.6  |2 19 
100 1 |a Spindler, Frank MacDonald. 
245 1 0 |a Nineteenth century Ecuador :  |b a historical introduction /  |c Frank MacDonald Spindler. 
264 1 |a Fairfax, Va. :  |b George Mason University Press ;  |c [1987] 
264 2 |a Lanham, MD :  |b Distributed by University Publ. Associates, 
264 4 |c ©1987 
300 |a xiv, 285 pages :  |b illustrations ;  |c 24 cm. 
336 |a text  |b txt  |2 rdacontent 
337 |a unmediated  |b n  |2 rdamedia 
338 |a volume  |b nc  |2 rdacarrier 
504 |a Bibliography: pages 215-274. 
500 |a Includes index. 
651 0 |a Ecuador  |x Politics and government  |y 1830-1895. 
651 0 |a Ecuador  |x Politics and government  |y 1895-1944. 
740 0 |a 19th century Ecuador. 
999 |a MARS 
999 f f |s f9101702-3e87-32ef-bdb0-e0fb9924e3c0  |i 3f5c8c1e-5df5-36a2-a4be-8003fadb9918  |t 0 
952 f f |p normal  |a Texas A&M University  |b College Station  |c Sterling C. Evans Library  |d Evans: Library Stacks  |t 0  |e F3736 .S64 1987  |h Library of Congress classification  |i unmediated -- volume  |m A14811469303 
998 f f |a F3736 .S64 1987  |t 0  |l Evans: Library Stacks